Catalog

Record Details

Catalog Search



A second glance  Cover Image Book Book

A second glance / Debbie Macomber.

Macomber, Debbie, (author.). Macomber, Debbie. Container of (work): Shadow chasing. (Added Author). Macomber, Debbie. Container of (work): Yesterday once more. (Added Author).

Summary:

Shadow Chasing: The last man Carla Walker is going to count on is a cop--as far as her love life's concerned. Her dad is a police officer, so she's already decided that's not the kind of future she wants. She knows about the long hours, the unpredictable calls, the danger. Carla meets Philip Garrison on vacation, and it's more than a holiday fling. She falls for him. Hard. And then she learns he's a cop ... Yesterday once more: Three years ago, Julie Houser fled from Wichita, Kansas--and left her husband-to-be practically standing at the altar. Julie couldn't face the vast disparity between her own middle-class background and his family's wealth, not to mention his mother's disapproval. But she never got over Daniel, and now she's back, hoping she can convince him to give marriage another chance.

Record details

  • ISBN: 9780778309420
  • ISBN: 0778309428
  • Physical Description: 312 pages ; 18 cm
  • Publisher: Toronto, Ontario, Canada : MIRA Books, [2020]

Content descriptions

General Note:
"2 great stories"--Cover
Originally published separately in 1986.
"2 great stories. Shadow Chasing and Yesterday Once More."--Cover
Formatted Contents Note:
Shadow chasing -- Yesterday once more.
Subject: Man-woman relationships > Fiction.
Police > Family relationships > Fiction.
Physicians > Fiction.
Genre: Romance fiction.

Available copies

  • 1 of 1 copy available at scottsboropl.

Holds

  • 0 current holds with 1 total copy.
Show Only Available Copies
Location Call Number / Copy Notes Barcode Shelving Location Status Due Date
scottsboropl F Mac 32269001215097 Adult - Fiction Available -

LDR 02912cam a2200565 i 4500
001161032
003SBPL
00520230607153027.0
008200102t20202020onc 000 1 eng d
020 . ‡a9780778309420 ‡q(paperback)
020 . ‡a0778309428 ‡q(paperback)
035 . ‡a(OCoLC)1141416216
050 4. ‡aPS3563.A2364 ‡bS43 2020
05500. ‡aPR1309.L68 ‡bM5 no. 2149
08204. ‡a813/.54 ‡223
1001 . ‡aMacomber, Debbie, ‡eauthor.
24512. ‡aA second glance / ‡cDebbie Macomber.
264 1. ‡aToronto, Ontario, Canada : ‡bMIRA Books, ‡c[2020]
300 . ‡a312 pages ; ‡c18 cm
336 . ‡atext ‡btxt ‡2rdacontent
337 . ‡aunmediated ‡bn ‡2rdamedia
338 . ‡avolume ‡bnc ‡2rdacarrier
500 . ‡a"2 great stories"--Cover
500 . ‡aOriginally published separately in 1986.
500 . ‡a"2 great stories. Shadow Chasing and Yesterday Once More."--Cover
50500. ‡tShadow chasing -- ‡tYesterday once more.
520 . ‡aShadow Chasing: The last man Carla Walker is going to count on is a cop--as far as her love life's concerned. Her dad is a police officer, so she's already decided that's not the kind of future she wants. She knows about the long hours, the unpredictable calls, the danger. Carla meets Philip Garrison on vacation, and it's more than a holiday fling. She falls for him. Hard. And then she learns he's a cop ... Yesterday once more: Three years ago, Julie Houser fled from Wichita, Kansas--and left her husband-to-be practically standing at the altar. Julie couldn't face the vast disparity between her own middle-class background and his family's wealth, not to mention his mother's disapproval. But she never got over Daniel, and now she's back, hoping she can convince him to give marriage another chance.
650 0. ‡aMan-woman relationships ‡vFiction.
650 0. ‡aPolice ‡xFamily relationships ‡vFiction.
650 0. ‡aPhysicians ‡vFiction.
655 7. ‡aRomance fiction. ‡2lcgft
70012. ‡iContainer of (work): ‡aMacomber, Debbie. ‡tShadow chasing.
70012. ‡iContainer of (work): ‡aMacomber, Debbie. ‡tYesterday once more.
901 . ‡a161032 ‡bAUTOGEN ‡c161032 ‡tbiblio

Additional Resources